[Event "89_| Campeonato Brasileiro 2023"]
[Site "Recife"]
[Date "2023.12.18"]
[Round "7.4"]
[White "Diamant, Andre"]
[Black "Labussiere, Yago"]
[Result "1/2-1/2"]
[WhiteElo "2513"]
[BlackElo "2182"]
[PlyCount "93"]
[EventDate "2023.??.??"]
[EventCountry "BRA"]
[TimeControl "90+30"]
[WhiteClock "0:00:24"]
[BlackClock "0:00:34"]

{[%evp 9,93,53,50,46,78,59,58,62,57,52,78,72,70,62,50,41,37,-4,-4,-12,6,6,25,1,
7,4,14,14,24,25,25,22,23,22,21,0,5,0,0,0,0,0,0,0,0,0,0,-2,-2,-23,0,0,0,0,0,0,0,
0,0,0,0,0,0,0,0,0,0,0,0,0,0,0,0,0,0,0,0,0,0,0,0,0,0,0,0,0]} 1. e4 {[%emt 0:00:
00]} c5 {[%emt 0:00:00]} 2. Nf3 {[%emt 0:00:00]} g6 {[%emt 0:00:00]} 3. c3 {
[%emt 0:00:00]} Nf6 {[%emt 0:00:00]} 4. e5 {[%emt 0:00:00]} Nd5 {[%emt 0:00:00]
} 5. d4 {[%emt 0:00:00]} cxd4 {[%emt 0:00:00]} 6. Qxd4 {[%emt 0:00:00] B27:
Sicilian: 2 Nf3, unusual Black 2nd moves.} Nb6 {[%emt 0:00:00]} 7. Bf4 {
[%emt 0:00:00]} Nc6 {[%emt 0:00:00]} 8. Qd2 $146 {[%emt 0:00:00] White is
slightly better.} ({Predecessor:} 8. Qe4 d5 9. exd6 Bf5 10. Qe2 Nd5 11. Be5
Nxe5 12. Qxe5 Nf6 13. Bb5+ Bd7 14. O-O Bxb5 15. Qxb5+ {1-0 (74) Yuan,Q (2373)
-Mgeladze,T (2388) Chess.com INT 2023}) 8... Bg7 {[%emt 0:00:00]} 9. Be2 {
[%emt 0:00:00]} f6 {[%emt 0:00:00]} 10. Bh6 {[%emt 0:00:00]} O-O {[%emt 0:00:
00]} 11. Bxg7 {[%emt 0:00:00]} Kxg7 {[%emt 0:00:00]} 12. exf6+ {[%emt 0:00:00]}
Rxf6 {[%emt 0:00:00]} 13. c4 {[%eval -4,30] [%emt 0:00:00]} (13. O-O $14 {
[%eval 37,28]}) 13... d5 $11 {[%emt 0:00:00]} 14. cxd5 {[%emt 0:00:00]} Qxd5 {
[%emt 0:00:00]} 15. O-O {[%emt 0:00:00]} Bf5 {[%emt 0:00:00]} 16. Rd1 {[%emt 0:
00:00]} (16. Qc1 {is more complex.} Bxb1 17. Qxb1 Rd8 18. Re1 Qf5 19. Qxf5 Rxf5
20. Rac1) 16... Qxd2 {[%emt 0:00:00]} 17. Rxd2 {[%emt 0:00:00]} Bxb1 {[%emt 0:
00:04]} 18. Rxb1 {[%emt 0:00:00]} Rd6 {[%emt 0:00:07]} 19. Rxd6 {[%emt 0:01:44]
} exd6 {[%emt 0:00:02]} 20. Rd1 {[%emt 0:00:01]} Re8 {[%emt 0:04:24]} 21. Bb5 {
[%emt 0:00:51]} d5 {[%emt 0:01:51]} 22. Nd4 {[%emt 0:01:39]} Rc8 {[%emt 0:02:
38]} 23. Bxc6 {[%emt 0:01:03]} bxc6 {[%emt 0:00:01][%cal Bb7c6,Bc6c5][%mdl
4128] Endgame KRN-KRN} 24. Rc1 {[%emt 0:00:09]} Nc4 {[%emt 0:03:48]} 25. b3 {
[%emt 0:00:39]} c5 {[%emt 0:00:04]} 26. Nb5 {[%emt 0:05:45]} Nb6 {[%emt 0:00:
37]} 27. Nxa7 {[%emt 0:01:11]} Ra8 {[%emt 0:00:06]} 28. Nc6 {[%emt 0:00:55]}
Rxa2 {[%emt 0:00:05]} 29. f4 {[%emt 0:00:49]} c4 {[%emt 0:01:17]} 30. bxc4 {
[%emt 0:00:26] The position is equal.} dxc4 {[%emt 0:00:45]} 31. Ne5 {[%emt 0:
00:07]} Ra7 {[%emt 0:00:39]} 32. Kf2 {[%emt 0:00:50]} Rc7 {[%emt 0:00:13]} 33.
Ke3 {[%emt 0:00:47]} c3 {[%emt 0:00:19]} 34. g3 {[%emt 0:00:48]} Nc4+ {[%emt 0:
00:56]} 35. Nxc4 {[%emt 0:00:21]} Rxc4 {[%emt 0:00:01] KR-KR} 36. Kd3 {[%emt 0:
00:10]} Rc7 {[%emt 0:00:50]} (36... Ra4 {looks sharper.} 37. Rxc3 h5 38. Rc7+
Kg8 39. Ke3 Ra2) 37. Rxc3 {[%emt 0:00:03]} Re7 {[%emt 0:00:06]} 38. Rc5 {
[%emt 0:00:18]} Kf6 {[%emt 0:00:19]} 39. Ra5 {[%emt 0:01:45]} Re1 {[%emt 0:01:
09]} 40. Ra2 {[%emt 0:00:20]} h6 {[%emt 0:00:36]} 41. Kd2 {[%emt 0:00:44]} Re6
{[%emt 0:00:21]} 42. Ra5 {[%emt 0:00:19]} g5 {[%emt 0:00:35]} 43. f5 {[%emt 0:
00:40]} Rb6 {[%emt 0:00:31]} 44. Ke3 {[%emt 0:00:24]} g4 {[%emt 0:00:30]} 45.
Rd5 {[%emt 0:00:28]} h5 {[%emt 0:00:33]} 46. Rc5 {[%emt 0:00:35]} Rb2 {[%emt 0:
00:29]} 47. Ke4 {[%emt 0:00:45] Accuracy: White = 87%, Black = 83%.} 1/2-1/2

[Event "89_| Campeonato Brasileiro 2023"]
[Site "Recife"]
[Date "2023.12.18"]
[Round "7.5"]
[White "Aranha Filho, Alvaro Zimmermann"]
[Black "Di Berardino, Diego Rafael"]
[Result "0-1"]
[WhiteElo "2182"]
[BlackElo "2477"]
[PlyCount "82"]
[EventDate "2023.??.??"]
[EventCountry "BRA"]
[TimeControl "90+30"]
[WhiteClock "0:07:44"]
[BlackClock "0:20:50"]

{[%evp 17,82,10,12,16,24,25,24,28,39,6,3,3,6,0,0,0,4,2,13,0,0,0,28,31,36,-14,
88,-3,0,0,0,0,0,-66,-28,-83,0,-92,-55,-84,-46,-41,-61,-54,-15,-85,-77,-92,-87,
-125,-118,-150,-125,-150,-114,-107,-103,-173,-145,-185,-123,-315,-230,-446,
-460,-509,-471]} 1. d4 {[%emt 0:00:00]} Nf6 {[%emt 0:00:00]} 2. Nf3 {[%emt 0:
00:00]} g6 {[%emt 0:00:00]} 3. c4 {[%emt 0:00:00]} Bg7 {[%emt 0:00:00]} 4. Nc3
{[%emt 0:00:00]} d5 {[%emt 0:00:00]} 5. cxd5 {[%emt 0:00:00]} Nxd5 {[%emt 0:00:
00]} 6. e4 {[%emt 0:00:00]} Nxc3 {[%emt 0:00:00]} 7. bxc3 {[%emt 0:00:00]} c5 {
[%emt 0:00:00]} 8. h3 {[%emt 0:00:00]} O-O {[%emt 0:00:00]} 9. Be2 {[%emt 0:00:
00]} b6 {[%emt 0:00:00]} 10. Be3 {[%emt 0:00:00] D85: Exchange Grünfeld:
Unusual White 7th moves and lines with 7 Nf3.} Bb7 {[%emt 0:00:00]} 11. Qd3 {
[%emt 0:00:00]} Nd7 {[%emt 0:00:00]} 12. O-O {[%emt 0:00:00] White has an edge.
} e6 {[%emt 0:00:00]} 13. Rad1 {[%emt 0:00:00]} Nf6 {[%emt 0:00:00]} 14. Nd2 {
[%emt 0:00:00]} Qc7 {[%emt 0:08:30]} 15. Qb1 {[%emt 0:00:00]} Rfd8 $146 {
[%emt 0:00:00]} ({Predecessor:} 15... Rac8 16. Rc1 h6 17. Bd3 Rfd8 18. Rfd1 Qe7
19. Nf3 Nd7 20. Nd2 cxd4 21. cxd4 Rxc1 22. Rxc1 {0-1 (83) Bosch,J (2445)-Van
Wely,L (2651) Netherlands 2004}) 16. Rc1 {[%emt 0:00:00]} Rac8 {[%emt 0:00:00]}
17. Rfd1 {[%emt 0:10:00]} Bc6 {[%emt 0:00:00]} 18. Ba6 {[%emt 0:00:00]} Rb8 {
[%emt 0:00:00]} 19. Bb5 {[%emt 0:00:00]} (19. Be2 {keeps more tension.} h6 20.
Bf3 Rbc8 21. Nc4 cxd4 22. cxd4 Qb7 23. Nd2) 19... a6 {[%emt 0:00:00]} 20. Bxc6
{[%emt 0:00:00]} ({Much weaker is} 20. Bxa6 b5 $17) 20... Qxc6 {[%emt 0:00:00]}
21. f3 {[%eval -14,34] [%emt 0:00:00]} (21. e5 $14 {[%eval 36,24]} Nd5 22. Bg5)
21... Nh5 {[%eval 88,25] [%emt 0:00:00] [#]} (21... c4 $11 {[%eval -14,34]})
22. Nc4 {[%eval -3,35] [%emt 0:00:00]} ({White should play} 22. e5 $1 $16 {
[%eval 88,25]}) 22... b5 $36 {[%emt 0:00:00][%mdl 2048] Black is more active.}
23. Ne5 {[%emt 0:00:00]} Qc7 {[%emt 0:00:00]} 24. Nd3 {[%emt 0:00:00]} c4 {
[%emt 0:00:00]} 25. Nf2 {[%eval -66,25] [%emt 0:00:00]} (25. Nc5 $11 {[%eval 0,
31]} Ra8 26. e5) 25... e5 {[%emt 0:00:00]} 26. Qc2 {[%eval -83,25] [%emt 0:00:
00]} (26. d5 $11 {[%eval -28,29]}) 26... Rbc8 {[%eval 0,32] [%emt 0:00:00]} (
26... exd4 $17 {[%eval -83,25]} 27. cxd4 Rbc8) 27. dxe5 {[%eval -92,27] [%emt
0:00:00]} (27. d5 $11 {[%eval 0,32]}) 27... Qxe5 {[%emt 0:00:00]} 28. Ng4 {
[%emt 0:00:00]} Qc7 {[%emt 0:00:00]} 29. Bg5 $1 {[%emt 0:00:00]} Qc5+ {[%emt 0:
00:00]} 30. Be3 {[%emt 0:00:00]} Qe7 {[%emt 0:00:00]} 31. Bb6 {[%eval -85,31] 
[%emt 0:00:00]} (31. a4 $11 {[%eval -15,32] keeps the balance.}) 31... Rxd1+
$17 {[%emt 0:00:00]} 32. Rxd1 {[%emt 0:00:00]} Nf4 {[%emt 0:00:00]} 33. Be3 {
[%emt 0:00:16]} Nd3 {[%emt 0:00:00]} 34. Nf2 {[%emt 0:00:30]} Nxf2 {[%emt 0:00:
00]} 35. Bxf2 {[%emt 0:00:30]} Rd8 {[%emt 0:00:00]} 36. Rxd8+ {[%emt 0:00:30]}
Qxd8 {[%emt 0:00:00]} 37. Kf1 {[%eval -173,33] [%emt 0:00:30]} (37. f4 $17 {
[%eval -103,30]}) 37... Qd6 {[%emt 0:00:00]} 38. Ke2 {[%emt 0:00:30]} Qh2 {
[%eval -123,31] [%emt 0:00:00]} (38... h5 $19 {[%eval -185,26]} 39. Qd2 Qxd2+
40. Kxd2 f5) 39. g4 $2 {[%eval -315,27] [%emt 0:00:30]} (39. Qd2 $17 {[%eval
-123,31]}) 39... b4 {[%emt 0:00:00][%mdl 64] [#] Deflection} ({Not} 39... Qxh3
40. Qd2 $17) 40. cxb4 $2 {[%eval -446,27] [%emt 0:00:30]} (40. Qd1 {[%eval
-230,31]} Bxc3 41. Qd8+ Kg7 42. Qd5) 40... Bd4 $1 $19 {[%emt 0:00:00]} 41. Ke1
{[%emt 0:00:30]} c3 {[%emt 0:00:00] Accuracy: White = 43%, Black = 61%.} 0-1

[Event "89_| Campeonato Brasileiro 2023"]
[Site "Recife"]
[Date "2023.12.18"]
[Round "7.6"]
[White "Santiago, Yago De Moura"]
[Black "Filgueiras, Nathan Felipe"]
[Result "1/2-1/2"]
[WhiteElo "2476"]
[BlackElo "2295"]
[PlyCount "33"]
[EventDate "2023.??.??"]
[EventCountry "BRA"]
[TimeControl "90+30"]
[WhiteClock "0:43:43"]

{[%evp 9,33,0,-10,-5,3,0,6,0,0,6,23,-61,6,7,8,7,3,-4,7,8,10,-3,13,-12,-12,-15]
} 1. d4 {[%emt 0:02:00]} d5 {[%emt 0:02:00]} 2. Bf4 {[%emt 0:00:30]} Nf6 {
[%emt 0:00:00]} 3. Nc3 {[%emt 0:00:30]} c5 {[%emt 0:00:00]} 4. e4 {[%emt 0:00:
30]} Nxe4 {[%emt 0:00:00]} 5. Nxe4 {[%emt 0:00:00]} dxe4 {[%emt 0:00:00]} 6.
dxc5 {[%emt 0:00:00] D00:1 d4 d5: Unusual lines.} Qa5+ {[%emt 0:00:00]} 7. c3 {
[%emt 0:00:00]} Qxc5 {[%emt 0:00:00]} 8. Qa4+ {[%emt 0:02:00]} Nc6 {[%emt 0:00:
00]} 9. Qxe4 {[%emt 0:00:30]} Bf5 {[%emt 0:00:00]} 10. Qe3 {[%eval -61,27] 
[%emt 0:00:30]} (10. Qa4 $11 {[%eval 25,31] remains equal.}) (10. Qa4 $11 {
[%eval 23,30]}) 10... Qxe3+ {[%eval 6,28] [%emt 0:00:00]} ({Black should play} 
10... e5 $17 {[%eval -82,24]}) ({Black should play} 10... e5 $15 {[%eval -61,
27]}) 11. Bxe3 $11 {[%emt 0:00:00] The position is equal.The position is equal.
} O-O-O {[%emt 0:00:00]} 12. Nf3 {[%emt 0:00:00]} f6 {[%emt 0:05:30]} 13. a4
$146 {[%emt 0:01:30]} ({Predecessor:} 13. Nd4 Nxd4 14. Bxd4 Kb8 15. O-O-O Rc8
16. Bd3 Bxd3 17. Rxd3 e5 18. Be3 Bc5 19. Bxc5 Rxc5 {1-0 (48) Badacsonyi,S 
(1935)-Kumar,S (1850) London 2023}) ({Predecessor:} 13. Nd4 Nxd4 14. Bxd4 Kb8
15. O-O-O Rc8 16. Bd3 Bxd3 17. Rxd3 e5 18. Be3 Bc5 19. Bxc5 Rxc5 {1-0 (48)
Badacsonyi,S (1935)-Kumar,S (1850) London 2023}) 13... e5 {[%emt 0:00:30]} 14.
Nd2 {[%emt 0:00:30]} Bd6 {[%emt 0:00:30]} 15. Bb5 {[%emt 0:00:30]} Kb8 {
[%emt 0:00:30]} 16. O-O {[%emt 0:00:30]} Ne7 {[%emt 0:00:30]} 17. Nc4 {[%emt 0:
00:00] Accuracy: White = 67%, Black = 76%. . Accuracy: White = 66%, Black =
65%.} 1/2-1/2

[Event "89_| Campeonato Brasileiro 2023"]
[Site "Recife"]
[Date "2023.12.17"]
[Round "7.7"]
[White "Marra, Eduardo da Costa"]
[Black "Matsuura, Everaldo"]
[Result "0-1"]
[WhiteElo "2170"]
[BlackElo "2418"]
[PlyCount "35"]
[EventDate "2023.??.??"]
[EventCountry "BRA"]
[WhiteClock "1:30:55"]
[BlackClock "0:56:56"]

{[%evp 13,15,33,34,42]} 1. e4 e5 2. Nf3 Nc6 3. Bb5 a6 4. Ba4 Nf6 5. O-O d6 6.
d3 Be7 7. c3 O-O 8. h3 {[%mdl 32768] Loss on time!? C55: Two Knights: 4 d3, 4
d4 exd4 5 e5 and Max Lange Attack. Predecessor:} b5 $146 9. Bb3 Na5 10. Bc2 c5
11. d4 cxd4 12. cxd4 Nc6 13. Nc3 Nxd4 14. Nxd4 exd4 15. Qxd4 Bb7 16. Bb3 Nd7
17. Nd5 Nc5 18. Bc2 {1/2-1/2 (46) Firouzja,A (2785)-Kamsky,G (2663) Chess.com
INT 2023} 0-1

[Event "89_| Campeonato Brasileiro 2023"]
[Site "Recife"]
[Date "2023.12.17"]
[Round "7.8"]
[White "Pinheiro, Iung Alicio"]
[Black "Ribeiro, Matheus Mendes Domi"]
[Result "1-0"]
[WhiteElo "2274"]
[BlackElo "2136"]
[PlyCount "23"]
[EventDate "2023.??.??"]
[EventCountry "BRA"]
[TimeControl "90+30"]
[WhiteClock "0:54:53"]
[BlackClock "0:01:26"]

{[%evp 9,23,0,8,-45,-39,-39,4,0,0,0,15,15,43,47,47,49]} 1. e4 {[%emt 0:00:00]}
e6 {[%emt 0:00:00]} 2. Qe2 {[%emt 0:00:00]} Nc6 {[%emt 0:00:00]} 3. f4 {
[%emt 0:00:00]} d5 {[%emt 0:00:00]} 4. d3 {[%emt 0:00:00]} dxe4 {[%emt 0:00:00]
} 5. dxe4 {[%emt 0:00:00]} e5 {[%emt 0:00:00]} 6. Nf3 {[%emt 0:00:00] C00:
French: Unusual White 2nd moves.} Bg4 $146 {[%emt 0:00:00]} ({Predecessor:} 
6... Bd6 7. c3 Qe7 8. f5 Bd7 9. Be3 g6 10. g4 h5 11. fxg6 hxg4 12. gxf7+ Qxf7 {
1/2-1/2 (100) Stearman,J (2154)-Mucobega,J (2199) Chess.com INT 2016}) 7. c3 {
[%emt 0:00:00]} Qd7 {[%emt 0:00:00]} 8. h3 {[%emt 0:00:00] The position is
equal.} Bxf3 $1 {[%emt 0:00:00]} 9. Qxf3 {[%emt 0:00:00]} O-O-O {[%emt 0:00:00]
} 10. f5 {[%emt 0:00:00]} Nf6 {[%emt 0:00:00]} 11. Be2 {[%emt 0:00:00]} Bc5 {
[%emt 0:05:34]} 12. Nd2 {[%emt 0:00:00]} 1-0